Расчет динамических характеристик теплообменников; Алгоритмизация расчета процессов и аппаратов химических производств, технологии переработки и транспорта нефти и газа на ЭЦВМ. Вып.3. Расчет теплообменных аппаратов

Détails bibliographiques
Parent link:Алгоритмизация расчета процессов и аппаратов химических производств, технологии переработки и транспорта нефти и газа на ЭЦВМ. Вып.3. Расчет теплообменных аппаратов.— 1967.— С. 119-126
Auteur principal: Андрианов П. А.
Langue:russe
Publié: 1967
Sujets:
Format: Chapitre de livre
KOHA link:https://koha.lib.tpu.ru/cgi-bin/koha/opac-detail.pl?biblionumber=593547

MARC

LEADER 00000naa0a2200000 4500
001 593547
005 20250606132338.0
035 |a (RuTPU)RU\TPU\tpu\7035 
035 |a TPU00007037 
090 |a 593547 
100 |a 20011210d1967 u y0rusy50 ca 
101 0 |a rus 
102 |a RU 
200 1 |a Расчет динамических характеристик теплообменников  |f П. А. Андрианов 
463 |t Алгоритмизация расчета процессов и аппаратов химических производств, технологии переработки и транспорта нефти и газа на ЭЦВМ. Вып.3. Расчет теплообменных аппаратов  |v С. 119-126  |d 1967 
610 1 |a химическая промышленность 
610 1 |a труды учёных ТПУ 
610 1 |a теплообменники 
700 1 |a Андрианов  |b П. А. 
801 0 |a RU  |b 63413507  |c 20011210  |g PSBO 
801 2 |a RU  |b 63413507  |c 20121218  |g PSBO 
850 |a 63413507 
942 |c BK